000 00697nam a2200193Ia 4500
003 LDD
008 190117s9999 xx 000 0 und d
020 _a978813615716
_c₹1800
040 _cLDD
041 _ahi
082 _a8H3.7 शि6801सं
100 _aशिवानी, गौरा पन्त
245 0 _aसम्पूर्ण कहानियाँ
_cगौरा पन्त शिवानी
260 _aनई दिल्ली
_bराधाकृष्ण प्रकाशन
_c2013
300 _a2 खण्ड
901 _aKGP
904 _aReqst by : Jitendra Kumar Srivasta
942 _2ddc
_cH
999 _c171751
_d171751